Economic Growth in Eastern Europe 1965-1976

Gespeichert in:
Bibliographische Detailangaben
Format: Buch
Sprache:Englisch
Veröffentlicht: New York Economic Studies L.W. International Financial Research 1977
Ausgabe:1. ed.
Schriftenreihe:Occasional Papers of the Research Project on National Income in East Central Europe 51
Schlagworte:
Tags: Tag hinzufügen
Keine Tags, Fügen Sie das erste Tag hinzu!

MARC

LEADER 00000nam a2200000 4500
001 c013377
005 20221207074537.4
041 0 |a eng 
044 |a US 
245 1 0 |a Economic Growth in Eastern Europe 1965-1976 
250 |a 1. ed. 
264 1 |a New York  |b Economic Studies L.W. International Financial Research  |c 1977 
300 |a 42 s. 
490 1 |a Occasional Papers of the Research Project on National Income in East Central Europe  |v 51 
830 0 |a Occasional Papers of the Research Project on National Income in East Central Europe  |v 51 
610 2 0 |a rast hospodársky 
610 2 0 |a východná Európa 
610 2 0 |a údaje štatistické 
610 2 0 |a 1965-1976